00820nam a2200205 a 450000100100000000500170001000800410002704000250006808200190009324500740011226000330018630000280021965100480024765100460029565100460034170000240038771000690041195201170048099900170059700004544120250221073755.0100203s2009 dr a 000 0 spa d aDO-SdBNPbspacBNPHU a317.293bR426d00aRepública Dominicana en cifras 2009 /cpresentación Pablo Tactuk. aSanto Domingo :bONE,c2009. a303 p. :bil. ;c28 cm. 4aRepública DominicanaxEstadisticas934493 4aRepública DominicanaxEstadistica97827 4aRepública DominicanaxPoblación91423 aTactuk, Pablo957741 aRepública Dominicana.bOficina Nacional de Estadística95775 0010718PDaPDbPDcCTd2015-03-25iLF1l0o317.293 R426dp45441-10r2020-06-25w2020-06-25yLFPDZNo se presta c44930d44930